000 01503cam a2200337 i 4500
999 _c60432
_d60432
001 17588344
005 20230717120851.0
008 130111s2014 dcua b 001 0 eng
010 _a 2013000486
020 _a9781433812552 (v. 2 : hardcover)
020 _a143381255 X (v. 2 : hardcover)
040 _aDLC
_beng
_cDLC
_erda
_dDLC
042 _apcc
050 0 0 _aHM1271
_b.A63 2014
080 _a159.9 A-66
245 0 0 _aAPA handbook of multicultural psychology : v. 2. Applications and training. /
_cFrederick T. L. Leong, editor-in-chief, Lillian Comas-Díaz, Gordon C. Nagayama Hall, Vonnie C. McLoyd, Joseph E. Trimble, associate editors.
246 3 0 _aHandbook of multicultural psychology
246 3 0 _aMulticultural psychology
250 _aFirst edition.
264 1 _aWashington, DC :
_bAmerican Psychological Association,
_c[2014]
300 _a723 p.:
_billustrations;
_c29 cm.
490 0 _aAPA handbooks in psychology
504 _aIncludes bibliographical references and index.
650 0 _aMulticulturalism.
_919375
650 0 _aMulticulturalism
_xPsychological aspects.
_919371
653 _aმულტიკულტურული ფსიქოლოგიის სახელმძღვანელო
700 1 _aLeong, Frederick T. L.,
_eeditor.რედაქტორი
_919372
906 _a7
_bcbc
_corignew
_d1
_eecip
_f20
_gy-gencatlg
942 _2udc
_cBK
955 _bxj13 2013-01-11
_ixj13 2013-01-11 (telework)
_axn09 2013-11-18 copy rec'd CIP ver.